Pâtes alimentaires (exhaustif) - Statistiques

Statistiques générales
  • Ce quiz a été pris 85 fois
  • Le résultat moyen est 12 sur 148
Statistiques - réponses
Hint Réponse % Correct
Spaghetti
91%
Coquillette
81%
Penne
80%
Farfalle
74%
Lasagne
67%
Tagliatelle
65%
Macaroni (maccheroni)
64%
Ravioli
64%
Cannelloni
57%
Linguine
57%
Fusilli
52%
Tortellini / tortelloni
38%
Vermicelles (vermicelli)
32%
Formes irrégulières Gnocchi
30%
Rigatoni
30%
Orecchiette
23%
Raviole
23%
Alphabet
19%
Coude
19%
Crozet
19%
Conchiglie
17%
Orzo
16%
Trofie
16%
Capellini
14%
Pipe
14%
Spaghettoni
14%
Bucatini
12%
Fettuccine
12%
Conchiglioni
9%
Mafaldine
9%
Pappardelle
9%
Spaghettini
9%
Pennette
7%
Rotelle
7%
Spätzle
7%
Tortiglioni
7%
Lasagnette
6%
Mafalde
6%
Pâtes non-tubulaires Busiate
4%
Cavatappi
4%
Radiatori
4%
Stelline
4%
Pâtes farcies Agnolotti
3%
Cavatelli
3%
Ditali
3%
Mezzelune
3%
Mezze penne
3%
Pastina
3%
Pennoni
3%
Perle
3%
Ziti
3%
Anelli
1%
Rubans Bavette
1%
Calamarata
1%
Cappelletti
1%
Casarecce
1%
Fagottini
1%
Filini
1%
Garganelli
1%
Girandole
1%
Knepfle
1%
Lumache
1%
Paccheri
1%
Panzerotti
1%
Pici
1%
Spirali
1%
Strozzapreti
1%
Petites pâtes Acini di pepe
0%
Anellini
0%
Pâtes tubulaires Anelloni
0%
Bâtons et ficelles Barbina
0%
Bavettine
0%
Calamaretti
0%
Campanelle
0%
Capeli d'angelo
0%
Castellane
0%
Cencioni
0%
Chifferi
0%
Chitarra
0%
Ciriole
0%
Conchigliette
0%
Corzetti
0%
Creste di galli
0%
Crouzet / crouls
0%
Ditalini
0%
Elicoidali
0%
Fagioloni
0%
Farfalline
0%
Fedelini
0%
Fettuce
0%
Fettucelle
0%
Fideo
0%
Fideuà
0%
Fiorentine
0%
Fiori
0%
Fregula
0%
Funghini
0%
Fusilli bucati
0%
Fusilli lunghi
0%
Gemelli
0%
Gramigna
0%
Lagane
0%
Lanterne
0%
Lasagnotte
0%
Linguettine
0%
Lumaconi
0%
Maccheroncelli
0%
Maltagliati
0%
Manicotti
0%
Maultaschen
0%
Medaglioni
0%
Mezzani
0%
Mezzi bombardoni
0%
Mezzi tubetti
0%
Mostaccioli
0%
Occhi di pernice
0%
Pasta al ceppo
0%
Penne zita
0%
Perciatelli
0%
Pillus
0%
Pizzoccheri
0%
Quadrefiore
0%
Quadrettini
0%
Reginette
0%
Riccioli
0%
Rigatoncini
0%
Risi
0%
Rotini
0%
Sacchettini / sacchettoni
0%
Sagnarelli
0%
Sagne incannulate
0%
Scialatelli / scilatielli
0%
Seme di melone
0%
Spiralini
0%
Stelle
0%
Stortini
0%
Strangozzi / stringozzi
0%
Taglierini
0%
Tagliolini
0%
Torchio
0%
Trachana
0%
Trenette
0%
Trenne
0%
Trennette
0%
Tripoline
0%
Tuffoli
0%
Vermicelloni
0%
Zitoni
0%
Aucun quiz correspondant
Distribution des résultats
% des personnes avec chaque résultat
Percentile par nombre de réponses
Votre historique - résultats
Vous n’avez pas pris ce quiz